On This Day: December 11th Quiz Stats

Quiz Updated Dec 11, 2017

Challenge
Share
Tweet
Embed
Score 0/7 Timer 03:00
0 Plays Today
Question Answer Wrong Answers
Germany and Italy declare war on the United States, following the Americans' declaration of war against this nation.
1941
Japan
90.7%
Hungary
3.3%
Soviet Union
4.2%
Thailand
0.9%
This organization is created to provide aid to children in post-WWII Europe and China.
1946
UNICEF
85.6%
Amnesty International
5.5%
International Rescue
1.3%
American Red Cross
5.8%
This man is arrested and charged with securities fraud in a multi-billion dollar Ponzi scheme.
2008
Bernard Madoff
84.6%
Jordan Belfort
4.4%
Allen Stanford
3.2%
Frank Abagnale Jr.
5.2%
Out of respect, British General Edmund Allenby dismounts his horse and enters this city on foot, declaring martial law.
1917
Jerusalem
58.3%
Mecca
16.4%
Damascus
8.1%
Constantinople
16.6%
______ becomes the sixth and last Apollo mission to land on the Moon.
1972
Apollo 17
38.6%
Apollo 18
18.1%
Apollo 16
20.2%
Apollo 15
21%
Felipe Calderón launches Operation Michoacán, later regarded as the first event in the ______ Drug War.
2006
Mexican
36.8%
Panamanian
2.8%
Colombian
55.2%
Peruvian
2.6%
King Louis XVI of France is put on trial for treason by the ______.
1792
National Convention
23.2%
Estates-General
45.4%
Continental Congress
7.4%
General Assembly
23.9%

Today's Daily Dose

Missing Word
NPR Programs

Quick Pick
1991 Events

On This Day
June 18th II

You're not logged in!

Compare scores with friends on all Sporcle quizzes.
Join for Free
OR
Log In

You Might Also Like...

Show Comments

Extras

Top Quizzes Today


Score Distribution

Your Account Isn't Verified!

In order to create a playlist on Sporcle, you need to verify the email address you used during registration. Go to your Sporcle Settings to finish the process.

Report this User

Report this user for behavior that violates our Community Guidelines.

Details: